|
|
|
|
| LEADER |
00000nam2a2200000 4500 |
| 001 |
367866 |
| 005 |
20231102012027.0 |
| 035 |
|
|
|a (RuTPU)RU\TPU\retro\25229
|
| 035 |
|
|
|a RU\TPU\retro\25228
|
| 090 |
|
|
|a 367866
|
| 100 |
|
|
|a 20220324d1912 m y0rusy50 ca
|
| 101 |
0 |
|
|a rus
|
| 102 |
|
|
|a RU
|
| 105 |
|
|
|a a j 000zy
|
| 200 |
0 |
|
|a Ч. 2 : Кинематика
|
| 210 |
|
|
|d 1912
|
| 215 |
|
|
|a 329, VI с.
|c черт.
|
| 461 |
|
1 |
|0 (RuTPU)RU\TPU\retro\25227
|t Механика
|o Лекции, читанные в Харьковском Технологическом ин-те имп. Александра III проф. И. И. Белянкиным в 1911-1912 акад. г.
|o в 3-х частях
|f И. И. Белянкин
|v Ч. 2 : Кинематика
|e 2-е изд., испр. и доп.
|d 1911-1912
|
| 606 |
|
|
|a Механика
|2 stltpush
|3 (RuTPU)RU\TPU\subj\67812
|9 83462
|
| 610 |
1 |
|
|a кинематика
|
| 610 |
1 |
|
|a лекции
|
| 610 |
1 |
|
|a траектория движения
|
| 610 |
1 |
|
|a скорость движения
|
| 610 |
1 |
|
|a производные
|
| 610 |
1 |
|
|a ускорение
|
| 610 |
1 |
|
|a углы Эйлера
|
| 675 |
|
|
|a 531
|v 3
|
| 801 |
|
1 |
|a RU
|b 63413507
|c 20220324
|
| 801 |
|
2 |
|a RU
|b 63413507
|c 20220405
|g RCR
|
| 942 |
|
|
|c BK
|